Materials and processes in manufacturing (Record no. 5613)

MARC details
000 -LEADER
fixed length control field 00373nam a2200145Ia 4500
008 - FIXED-LENGTH DATA ELEMENTS--GENERAL INFORMATION
fixed length control field 150201s2013 xx 000 0 und d
082 ## - DEWEY DECIMAL CLASSIFICATION NUMBER
Classification number 670
Item number KOH
100 ## - MAIN ENTRY--PERSONAL NAME
Personal name Black,JT
245 ## - TITLE STATEMENT
Title Materials and processes in manufacturing
250 ## - EDITION STATEMENT
Edition statement 11th Ed.
260 ## - PUBLICATION, DISTRIBUTION, ETC. (IMPRINT)
Name of publisher, distributor, etc. Wilet eastern limited
Place of publication, distribution, etc. New Delhi
Date of publication, distribution, etc. 2013
300 ## - PHYSICAL DESCRIPTION
Extent 1004p.
700 ## - ADDED ENTRY--PERSONAL NAME
Personal name Kohser, Ronald A
942 ## - ADDED ENTRY ELEMENTS (KOHA)
Source of classification or shelving scheme Dewey Decimal Classification
Koha item type Books
Holdings
Withdrawn status Lost status Source of classification or shelving scheme Damaged status Not for loan Home library Current library Date acquired SGTU Total Checkouts Full call number Barcode Date last seen Bill Date Koha item type Date last checked out
    Dewey Decimal Classification     SGT Engineering Library SGT Engineering Library 31/05/2013 SGTU   670 KOH FE6142 09/02/2015 09/02/2015 Books  
    Dewey Decimal Classification     SGT Engineering Library SGT Engineering Library 31/05/2013 SGTU   670 KOH FE6143 09/02/2015 09/02/2015 Books  
    Dewey Decimal Classification     SGT Engineering Library SGT Engineering Library 31/05/2013 SGTU   670 KOH FE6144 09/02/2015 09/02/2015 Books  
    Dewey Decimal Classification     SGT Engineering Library SGT Engineering Library 31/05/2013 SGTU 1 670 KOH FE6145 18/07/2018 09/02/2015 Books 03/07/2018
    Dewey Decimal Classification     SGT Engineering Library SGT Engineering Library 31/05/2013 SGTU 1 670 KOH FE6146 30/07/2018 09/02/2015 Books 18/01/2018